Balorda nostalgia - Olly (testo) - Statistics

Statistiche generali
  • Questo quiz è stato fatto 555 volte
  • Il punteggio medio è 225 su 277
Statistiche sulle risposte
Risposta % Corretto
a
99%
La
97%
la
97%
97%
Ma
97%
per
97%
se
97%
E
96%
e
96%
è
96%
in
96%
96%
non
95%
Non
95%
qua
94%
fare
93%
Ridere,
93%
te
93%
Te
93%
Con
92%
il
91%
piangere,
91%
so
91%
So
91%
Sta
91%
sta
91%
che
90%
Che
90%
Ci
90%
l'amore
90%
l′amore
90%
quando
90%
tornare
90%
Tornare
90%
stare
89%
Vorrei
89%
vorrei
89%
le
88%
ore
88%
bastava
87%
mano
87%
mi
87%
Mi
87%
questa
87%
senza
87%
sera
87%
divano
86%
Me
86%
sul
86%
telecomando
86%
poi
85%
silenzio
85%
come
84%
più
84%
sarà
84%
Tu
84%
tu
84%
ad
83%
lo
83%
al
82%
insieme
81%
signora,
81%
ti
81%
Ti
81%
Fino
80%
Magari
80%
Nemmeno
80%
Balorda
79%
fai,
79%
Mentre
79%
mentre
79%
nostalgia
79%
piano
79%
quarto
79%
detto
78%
sigaretta
78%
bocca
77%
giusta
77%
l′ha
77%
vita
77%
affacciata
76%
addormentarci
75%
cantare
72%
suo
72%
bucato
71%
dimenticare
71%
cucini
70%
dire
70%
fine
70%
ho
70%
metti
70%
stendeva
70%
devo
69%
vuoi
67%
vivere
66%
chiamala
65%
Io
65%
risposto
62%
Solo
61%
tv
61%
bella
59%
compagnia
59%
un
59%
farmi
58%
accendo
57%
tiritera
57%
sai
53%
perché
52%
ancora
51%
lasci
51%
casa
48%
maniera
48%
schiena
48%
sembra
48%
cena
46%
chissà
46%
piatto
46%
prude
46%
già
45%
metto
45%
apparecchio
44%
cerco
44%
finita
44%
bene
43%
Ed
43%
tutta
43%
soltanto
40%
stata
40%
voglio
40%
Però
39%
vai
38%
Oh,
30%
insomma
19%
Beh
13%
Nessun quiz corrispondente trovato
Distribuzione punteggi
Percentuale di utenti per punteggio
Percentile per numero di risposta
I tuoi punteggi nel tempo
Non hai fatto questo quiz